Modelling of the Default of Cities in Slovakia
Reforma verejnej správy a proces fiškálnej decentralizácie v rokoch 2001 až 2005 zmenili postavenie miest a obcí na Slovensku. Finančné riadenie a fiškálna zodpovednosť miest a obcí na Slovensku v období rokov 2008 až 2014, ich sledovanosť, finančné ukazovatele a vyhodnotenie.
Na minha lista:
| Autor principal: | |
|---|---|
| Outros Autores: | |
| Formato: | Capítulo de Livro |
| Idioma: | inglês |
| Assuntos: | |
| Tags: |
Sem tags, seja o primeiro a adicionar uma tag!
|
MARC
| LEADER | 00000nla a2200000 4500 | ||
|---|---|---|---|
| 001 | 0213020 | ||
| 005 | 20240502083534.2 | ||
| 041 | 0 | |a eng | |
| 044 | |a CZ | ||
| 245 | 1 | 0 | |a Modelling of the Default of Cities in Slovakia |c Marek Káčer, Martin Alexy |
| 520 | |a Reforma verejnej správy a proces fiškálnej decentralizácie v rokoch 2001 až 2005 zmenili postavenie miest a obcí na Slovensku. Finančné riadenie a fiškálna zodpovednosť miest a obcí na Slovensku v období rokov 2008 až 2014, ich sledovanosť, finančné ukazovatele a vyhodnotenie. | ||
| 610 | 2 | 0 | |a Slovensko |
| 610 | 2 | 0 | |a decentralizácia fiškálna |
| 610 | 2 | 0 | |a financie verejné |
| 610 | 2 | 0 | |a politika fiškálna |
| 610 | 2 | 0 | |a ukazovatele finančné |
| 610 | 2 | 0 | |a zodpovednosť rozpočtová |
| 610 | 2 | 0 | |a rozpočet miestny |
| 100 | 1 | |a Káčer, Marek, 1976- | |
| 700 | 1 | |a Alexy, Martin, 1976- | |